Estadísticas para Alimentos que comienzan con M

Haz click aquí para intentar la prueba.

Estadísticas generales

  • Esta prueba ha sido intentada 1.276 veces
  • La puntuación promedio es 12 de 20

Estadísticas de respuestas

Respuesta% Correcto
Mandarina
95%
Magdalena / Muffin
92%
Maíz
91%
Mango
91%
Menta
87%
Macarrones
86%
Mate
77%
Mejillón
70%
Mostaza
63%
Mozzarella
62%
Merengue
61%
Mahou
58%
Malvavisco
55%
Margarita
46%
Mermelada
46%
Sopa de {miso}
39%
Mole
21%
Matzá
9%
Morilla
9%
Macarela
5%

Distribución de puntuación

Porcentaje por número respondido

Porcentaje de gente con cada puntuación

Historial de tus puntuaciones

No has intentado esta prueba.